
Library Catalogue

| 000 -LEADER | |
|---|---|
| fixed length control field | 01090nam a2200205Ia 4500 |
| 003 - CONTROL NUMBER IDENTIFIER | |
| control field | OSt |
| 005 - DATE AND TIME OF LATEST TRANSACTION | |
| control field | 20210212123358.0 |
| 008 - FIXED-LENGTH DATA ELEMENTS--GENERAL INFORMATION | |
| fixed length control field | 160316s2008 xxu||||| |||| 00| 0 eng d |
| 020 ## - INTERNATIONAL STANDARD BOOK NUMBER | |
| International Standard Book Number | 9781139053969 |
| 040 ## - CATALOGING SOURCE | |
| Transcribing agency | n |
| 082 ## - DEWEY DECIMAL CLASSIFICATION NUMBER | |
| Classification number | 954.030000 |
| Item number | RAM-1 |
| 100 ## - MAIN ENTRY--PERSONAL NAME | |
| Personal name | Ramusack Barbara N |
| 245 ## - TITLE STATEMENT | |
| Title | The Indian princes and their states |
| 260 ## - PUBLICATION, DISTRIBUTION, ETC. | |
| Place of publication, distribution, etc. | Cambridge |
| Name of publisher, distributor, etc. | Cambridge University Press |
| Date of publication, distribution, etc. | 2008 |
| 300 ## - PHYSICAL DESCRIPTION | |
| Extent | 309p |
| Dimensions | xiv |
| 365 ## - TRADE PRICE | |
| Price amount | Rs. 695 |
| 505 ## - FORMATTED CONTENTS NOTE | |
| Formatted contents note | Table of contents<br/>List of illustrations; <br/>General editor's preface; <br/>Acknowledgements; List of abbreviations; <br/>Map; <br/>1. Introduction: Indian princes and British imperialism; <br/>2. Princely states prior to 1800; <br/>3. The British construction of indirect rule; <br/>4. The theory and experience of indirect rule in colonial India; <br/>5. Princes as men, women, rulers, patrons and Oriental stereotypes; <br/>6. Princely states: administrative and economic structures; <br/>7. Princely states: society and politics;<br/>8. Federation or integration?; <br/>Epilogue; <br/>Bibliographical essay; <br/>Glossary;<br/>Index. |
| 700 ## - ADDED ENTRY--PERSONAL NAME | |
| Personal name | |
| -- | |
| 942 ## - ADDED ENTRY ELEMENTS (KOHA) | |
| Source of classification or shelving scheme | Dewey Decimal Classification |
| Koha item type | BOOKs |
| Withdrawn status | Lost status | Damaged status | Not for loan | Home library | Current library | Shelving location | Date acquired | Cost, normal purchase price | Total Checkouts | Full call number | Barcode | Date last seen | Price effective from | Koha item type |
|---|---|---|---|---|---|---|---|---|---|---|---|---|---|---|
| . | . | 30.05.2017 | 695.00 | 954.03 RAM-1 | 33705 | 30.05.2017 | 30.05.2017 | BOOKs |